| 000 | 00615nam a22002177a 4500 | ||
|---|---|---|---|
| 008 | 131030b xxu||||| |||| 00| 0 ger d | ||
| 020 | _a3709300975 | ||
| 041 | 1 | _ager | |
| 080 | _a316.77 | ||
| 100 | 1 | _aCerwinka, Gabriele | |
| 245 |
_aDie büro-bibel : _cGabriele Cerwinka |
||
| 260 |
_aWien : _bLinde international ; _c2006. |
||
| 300 |
_a370 f. : _c21 cm. |
||
| 500 | _aVorwort : f. 7 | ||
| 505 | _aLiteraturliste : f. 361 | ||
| 650 | _aSociologjia e komunikimit | ||
| 650 | _aKomunikimi | ||
| 650 | _aKomunikimi ne administrimin publik | ||
| 700 | 1 | _aSchranz, Gabriele | |
| 942 |
_2udc _cBK |
||
| 999 |
_c222 _d222 |
||